000 00672nam a2200265Ia 4500
008 160321s9999||||xx |||||||||||||| ||und||
040 _cEnglish
082 _aXI.A/Davies
082 _bBORI-15138
100 _aH. A. Davies
245 3 _aAn Outline History of the World
260 _c1954
300 _axvi+576
300 _cA
300 _eHardbound
530 _u00090684.pdf
563 _aStudy
600 _aH. A. Davies
630 _aAn Outline History of the World
650 _a"Politics, History and Historiography"
650 _aGeneral Indology
700 _aH. A. Davies
730 _aAn Outline History of the World
942 _cBOOK
999 _c1357687
_d1357684